Курс разведочного дела: учебник; Ч. 1 : Геолого-разведочные операции и стадии разведки

Bibliographic Details
Other Authors: Кумпан С. В. (редактор)
Language:Russian
Published: Ленинград, НКТП СССР ОНТИ, 1934
Subjects:
Format: Book
KOHA link:https://koha.lib.tpu.ru/cgi-bin/koha/opac-detail.pl?biblionumber=169340

MARC

LEADER 00000nam0a2200000 4500
001 169340
005 20231031163401.0
035 |a (RuTPU)RU\TPU\book\183694 
090 |a 169340 
100 |a 20091111d1934 m y0rusy50 ca 
101 0 |a rus 
102 |a RU 
105 |a a j 001zy 
200 1 |a Курс разведочного дела  |e учебник  |h Ч. 1 : Геолого-разведочные операции и стадии разведки  |f под ред. С. В. Кумпана 
210 |a Ленинград  |c НКТП СССР ОНТИ  |d 1934  |a Москва  |a Новосибирск 
215 |a 331 с.  |c ил. 
320 |a Библиогр.: с. 320-327. 
320 |a Предметный указатель: с. 328-330. 
610 1 |a разведочное дело 
610 1 |a геолого-разведочные работы 
610 1 |a разведка 
610 1 |a учебники 
610 1 |a геофизические методы 
675 |a 550  |v 3 
702 1 |a Кумпан  |b С. В.  |4 340 
801 1 |a RU  |b 63413507  |c 20091111 
801 2 |a RU  |b 63413507  |c 20100201  |g RCR 
942 |c BK